000 00494nam a22001817a 4500
005 20251108164300.0
008 250721s9999 xx 000 0 ara d
082 1 4 _a627.54/حلم
100 1 _aبكر، حلمي أحمد
245 1 0 _aهندسة الصرف الزراعي /
264 1 _aالاسكندرية :
_c[19-].
300 _a465ص
650 1 7 _aالهندسة الزراعية
650 1 7 _aالري
650 1 7 _aالصرف الزراعي
942 _2ddc
_cBK
999 _c8275
_d8275